00474nam a2200181 a 4500001001300000003000900013005001700022008004100039020001000080082001300090100001600103245004000119260004800159300000800207500003500215650002600250700001600276nice12345678IN_TiNIC20260116011425.0050524s1924 laha grp 000 0 urd  ac10000a239bMIL aMilray, C J aRuhul Qudsb Az Rue Qur`an-O-Bible. aLahorebPunjab Religious Booksociety c1924 a61p aincludes index and biblioraphy aGod-Biblical Teaching1 aMilray, C J